Normal view MARC view

Entry Personal Name

Number of records used in: 1

001 - CONTROL NUMBER

  • control field: 1660

003 - CONTROL NUMBER IDENTIFIER

  • control field: DLC

005 - DATE AND TIME OF LATEST TRANSACTION

  • control field: 20200130101110.0

008 - FIXED-LENGTH DATA ELEMENTS

  • fixed length control field: 910529n| acannaab |n aaa

010 ## - LIBRARY OF CONGRESS CONTROL NUMBER

  • LC control number: n 91053407

040 ## - CATALOGING SOURCE

  • Original cataloging agency: DLC
  • Transcribing agency: DLC
  • Modifying agency: DLC

100 10 - HEADING--PERSONAL NAME

  • Personal name: Jansen, Dennis W.

670 ## - SOURCE DATA FOUND

  • Source citation: Hafer, R.W. The demand for money in the United States, 1990:
  • Information found: t.p. (Dennis W. Jansen; Texas A&M Univ.; visiting faculty, Erasmus Univ. Rotterdam, 1990)

670 ## - SOURCE DATA FOUND

  • Source citation: The new economy and beyond, 2006:
  • Information found: CIP t.p. (Dennis W. Jansen; Texas A&M U.) data sh. (b. Oct 23, 1956)

Powered by Koha